00489 2200205 4500001002100000008004100021035002000062245004800082100001900130250000600149260003300155300001200188084001400200082000800214650001300222990001200235990001200247990001200259990001200271INLIS000000000000816 ind  a0010-0524000051 aBuku Siswa Biologi Kelas XIIcSri Pujiyanto aPujiyanto, Sri a1 aSolo :bTiga Serangkaic2016 a276 hlm a574 SRI b a574 aNonFiksi a0740735 a0740736 a0740737 a0740738